000 00326nam a2200109Ia 4500
008 220204s9999 xx 000 0 und d
082 _a330.115
_bMUR
245 0 _aEconomic theory and econometric applications: Recent developments
260 _aNew Delhi
_bHar-Anand Publications
_c1995
700 _aMurthy, G V S N
942 _cBK
999 _c41084
_d41084